[Event "1984 - Gruppe A"]
[Site "?"]
[Date "2008.??.??"]
[Round "2"]
[White "Constellation 3.6, Novag"]
[Black "MGS Sargon 2.5"]
[Result "1-0"]
[WhiteElo "1742"]
[BlackElo "1500"]
[Annotator "Peter Haupert"]
[PlyCount "49"]
[EventDate "2008.??.??"]

1. c4 c5 2. Nf3 Nf6 {Ende Bibi Sargon} 3. g3 {Ende Bibi Conny 3.6} d5 4. cxd5
Nxd5 5. d3 Nc6 6. Bg2 Bg4 7. Qb3 Qd7 8. O-O Rd8 9. Nc3 Nxc3 $6 {
öffnet die B-Linie; richtig Pe6!} 10. bxc3 Be6 $6 11. Qb5 b6 12. d4 $2 {Ng5!}
cxd4 13. cxd4 Qd5 $6 {besser Bd5} 14. a4 Qxb5 15. axb5 Nxd4 $2 16. Nxd4 Rxd4
17. Be3 Rd6 18. Rxa7 {Das Material ist ausgeglichen, aber die weißen Figuren
stehen viel aktiver. Der schwarze König auf E8 blockiert die Entwicklung von
Schwarz.} Bc4 $2 19. Bc6+ Rxc6 20. bxc6 f5 21. c7 Kd7 22. Rd1+ Kc6 23. c8=Q+
Kb5 24. Rb1+ Bb3 25. Rxb3# 1-0

[Event "1984 - Gruppe A"]
[Site "?"]
[Date "2008.??.??"]
[Round "3"]
[White "Mirage, Mephisto"]
[Black "Constellation 3.6, Novag"]
[Result "0-1"]
[WhiteElo "1508"]
[BlackElo "1742"]
[Annotator "Peter Haupert"]
[PlyCount "96"]
[EventDate "2008.??.??"]

1. d4 d5 2. c4 e5 {Albins Gegengambit! Sehr selten anzutreffen.} 3. dxe5 d4 4.
Nf3 Nc6 {Ende Bibi Conny 3.6} 5. a3 Bg4 6. Qb3 {Ende Bibi Mirage} Bxf3 7. gxf3
Nxe5 8. Qb5+ Nd7 9. Qxb7 Ngf6 10. Bf4 Rb8 $2 (10... Bd6 11. Bxd6 cxd6 $11) 11.
Qxa7 Bc5 12. Qxc7 Qxc7 13. Bxc7 Rxb2 14. Bh3 O-O 15. a4 $2 Bb4+ 16. Kf1 {
jetzt muß der weiße König umherwackeln} Rc8 17. Bf4 Rxc4 18. Bxd7 Nxd7 19. Na3
Bxa3 20. Rxa3 Nc5 21. a5 Rcc2 22. Be5 Ne6 23. e3 $4 (23. Kg2 $1 Rxe2) 23...
Rxf2+ 24. Ke1 Ng5 25. exd4 Nxf3+ 26. Rxf3 Rxf3 27. Rg1 f6 28. Bd6 Rf5 29. Rg3
Rxa5 30. Rd3 Ra1+ 31. Rd1 Rxd1+ 32. Kxd1 Kf7 33. h4 Rb3 34. Kd2 Rh3 35. h5 Rxh5
36. Ke3 h6 37. Bf4 g5 38. Bd6 f5 39. d5 f4+ 40. Ke4 Rh1 41. Bc5 h5 42. d6 Ke6
43. Bb4 Rh2 44. d7 Kxd7 45. Ba5 Re2+ 46. Kd4 f3 47. Kd3 Re6 48. Bb6 Rxb6 0-1

[Event "1984 - Gruppe A"]
[Site "?"]
[Date "2008.??.??"]
[Round "4"]
[White "Constellation 3.6, Novag"]
[Black "MGS Master Chess Trio S"]
[Result "1-0"]
[WhiteElo "1742"]
[BlackElo "1600"]
[Annotator "Peter Haupert"]
[PlyCount "45"]
[EventDate "2008.??.??"]

1. c4 c5 2. Nf3 {Ende Bibi Conny 3.6} g6 {
Ende Bibi Grünfeld; Wechsel auf Morphy} 3. e4 Nf6 4. Nc3 Nc6 5. d4 cxd4 6. Nxd4
e5 $2 {Bg7!} 7. Ndb5 Bb4 8. Nd6+ Ke7 9. Bg5 Bxc3+ $2 10. bxc3 Rf8 $2 11. Rb1 (
11. Nb5 $1 d6 12. Qf3 $18) 11... b6 12. Qd5 h6 13. Bh4 $2 {Bxf6} Ba6 $2 (13...
g5 $1 14. Nf5+ Ke8 15. Qd6 Rg8 16. Bg3 Nxe4 17. Qxh6 $16) 14. Be2 {
beide stochern in dieser unübersichtlichen Stellung wild herum} Rb8 15. O-O Qc7
16. Bxf6+ Kxf6 17. f4 $1 {Constellation 3.6 hat nun ein konkretes Angriffsziel
entdeckt - den schwarzen König} exf4 $2 18. Rxf4+ Ke7 $2 19. Rxf7+ Rxf7 20.
Qxf7+ Kxd6 21. Rd1+ Ke5 22. Rd5+ Kxe4 23. Qf3# 1-0

[Event "1984 - Gruppe A"]
[Site "?"]
[Date "2008.??.??"]
[Round "5"]
[White "Sensory 9 B, Fidelity"]
[Black "Constellation 3.6, Novag"]
[Result "1-0"]
[WhiteElo "1574"]
[BlackElo "1742"]
[Annotator "Peter Haupert"]
[PlyCount "201"]
[EventDate "2008.??.??"]

1. c4 e5 2. Nc3 Nc6 3. Nf3 Nf6 4. g3 Bb4 5. Bg2 O-O 6. O-O {Ende Bibi Sensory 9
} Bxc3 {Ende Bibi Conny 3.6} 7. dxc3 d6 8. Bg5 Bf5 9. Nh4 Be6 10. Qb3 Na5 11.
Qb5 c6 12. Qb4 c5 13. Qa4 Nxc4 14. Qb5 Qe8 15. Qxb7 Rb8 16. Qxa7 Rxb2 17. Bxf6
gxf6 18. e4 Qa8 19. Qe7 Nd2 20. Rfe1 Qd8 21. Nf5 Bxf5 22. Qxd8 Rxd8 23. exf5 d5
24. a4 Kf8 $2 {Nb3!} 25. Rac1 $2 {Pa5!} Ke7 26. a5 Nb3 27. Rcd1 d4 28. f4 dxc3
29. Rxd8 Kxd8 30. a6 c2 $2 31. a7 Ra2 32. Bd5 c1=Q 33. Rxc1 Rxa7 34. Bxb3 {
jetzt steht Sensory 9 auf Gewinn} Rb7 35. Bd5 Rc7 36. Rc4 Ke7 37. Bg2 Kd6 38.
g4 Ra7 39. Kf1 Ra1+ 40. Kf2 exf4 41. Rxf4 Ra2+ 42. Kg3 Ra1 43. Rf1 Ra3+ 44. Rf3
Ra7 45. Rd3+ Ke7 46. Bd5 Rd7 47. Kf4 Kf8 48. Ke4 Kg7 49. Rb3 Re7+ 50. Kd3 Kh6
51. Kc4 Re2 52. Kxc5 Rxh2 53. Bxf7 Kg5 54. Bh5 Rc2+ 55. Kd5 Rc7 56. Rb2 Ra7 57.
Rb4 Rd7+ 58. Ke6 Rc7 59. Rb2 Rc6+ 60. Kd5 Rc7 61. Re2 Rd7+ 62. Ke4 Rc7 63. Ra2
Re7+ 64. Kd5 Rb7 65. Rc2 Ra7 66. Kd6 Ra6+ 67. Kd7 Ra1 68. Rc7 h6 69. Ke6 Re1+
70. Kf7 Re2 71. Rc8 Rd2 72. Rg8+ Kf4 73. Rg6 Rd7+ 74. Kxf6 Rh7 75. Rg7 Rh8 76.
Kg6 Rd8 77. Kxh6 Rd6+ 78. Rg6 Rd2 79. f6 Rd7 80. Rg8 Rd6 81. g5 Re6 82. Rc8 Rd6
83. Kg6 Rb6 84. Rc4+ Ke5 85. Kg7 Kd5 86. f7 Rb8 87. Rc7 Kd6 88. Ra7 Kc5 89. g6
Kb6 90. Re7 Kc5 91. Re8 Rb7 92. Kh6 Kc4 93. f8=Q Rb6 94. Be2+ Kb3 95. Re3+ Kc2
96. Qc5+ Kb1 97. Qxb6+ Kc2 98. Qc5+ Kb2 99. Qc3+ Kb1 100. Bd3+ Ka2 101. Re2# {
Etwas lang hats gedauert, aber am Ende sichert sich der Sensory 9 verdient den
Sieg} 1-0

[Event "1984 - Gruppe A"]
[Site "?"]
[Date "2008.??.??"]
[Round "6"]
[White "Constellation 3.6, Novag"]
[Black "Glasgow 68000 EMU, Mephisto"]
[Result "0-1"]
[WhiteElo "1742"]
[BlackElo "1700"]
[Annotator "Peter Haupert"]
[PlyCount "128"]
[EventDate "2008.??.??"]

1. e4 e5 2. Nf3 Nc6 3. Bb5 a6 4. Ba4 Nf6 5. O-O Be7 6. Re1 b5 7. Bb3 d6 8. c3
O-O 9. d4 Bg4 10. Be3 {Ende Bibi Constellation 3.6} exd4 {Ende Bibi Glasgow}
11. Bxd4 Ne5 12. Bxe5 Bxf3 13. Qxf3 dxe5 14. Rd1 Qe8 15. Nd2 Qc6 16. Qf5 Bc5 $1
{stellt eine Falle} 17. Qxe5 $2 {und tappt hinein} Ng4 18. Qd5 Qb6 {direkt Bxf2
} 19. Rdc1 $2 Nxf2 {besser Bxf2} 20. Kf1 $2 {Nf3!} Rad8 21. Nc4 $2 Qa7 $6 (
21... bxc4 22. Qf5 cxb3 23. axb3 Rd2 $19) 22. Qf5 bxc4 23. Bxc4 Rd2 24. b4 Be3
25. e5 Rb2 26. e6 $5 c6 $2 (26... Ng4 $1 27. exf7+ Kh8 28. Qxg4 Rf2+ 29. Ke1
Bd2+ 30. Kd1 Bxc1 31. Rxc1 $2 Rd8+ 32. Ke1 Qe3+) 27. Rc2 Rxc2 28. exf7+ Kh8 29.
Qxc2 Ng4 30. h3 $2 Ne5 (30... Rxf7+ $1 31. Bxf7 Qxf7+ 32. Ke1 Bf2+ 33. Kd2 Qf4+
34. Kd1 Ne3+) 31. Bb3 Nxf7 32. Qf5 Qe7 33. Ke2 Ng5 34. Qxf8+ Qxf8 35. Kxe3 Qe7+
36. Kd2 Qd6+ 37. Kc2 Qg3 38. Rd1 Qxg2+ 39. Rd2 Qe4+ 40. Kb2 g6 41. Rd8+ Kg7 42.
Bc2 Qh1 43. Bd3 Qxh3 44. Bxa6 Ne4 45. Bd3 Qe3 46. Rd7+ Kh6 47. Bxe4 Qxe4 48. a4
c5 49. bxc5 Qxa4 50. Rd5 Kg7 51. Re5 Qd7 52. Kc1 Qd3 53. Re7+ Kf6 54. Rxh7
Qxc3+ 55. Kd1 Qxc5 56. Kd2 Qd4+ 57. Kc2 Qe3 58. Rd7 g5 59. Kd1 g4 60. Rd6+ Kf5
61. Rd5+ Kf4 62. Rd7 Qe4 63. Rc7 g3 64. Kc1 Qe3+ {
EIne sauber geführte Angriffspartie vom Mephi Glasgow} 0-1

[Event "1984 - Gruppe A"]
[Site "?"]
[Date "2008.??.??"]
[Round "7"]
[White "Turbostar 432 KSO, SciSys"]
[Black "Constellation 3.6, Novag"]
[Result "1-0"]
[WhiteElo "1764"]
[BlackElo "1742"]
[Annotator "Peter Haupert"]
[PlyCount "193"]
[EventDate "2008.??.??"]

1. e4 e5 2. Nf3 Nc6 3. Nc3 Nf6 {Ende Bibi Constellation 3.6} 4. Bb5 Bb4 5. O-O
O-O 6. d3 {Ende Bibi Turbostar} Bxc3 7. Bxc6 dxc6 8. bxc3 Bg4 9. Ba3 $6 Re8 10.
Rb1 Qc8 11. h3 Bh5 12. Qe2 b6 13. c4 Qa6 14. Rb3 Rad8 15. Rfb1 {
Turbostar versucht es am Damenflügel} Rd7 16. c5 $5 bxc5 $2 17. Kf1 $2 {
einfach Bxc5! mit Vorteil} Qa5 $2 (17... c4 $1 18. dxc4 Rd4 $1 19. Bc5 Rxe4 20.
Be3 Bxf3) 18. Qe3 $2 {Qe1!} Bxf3 19. Qxf3 Qa6 $2 20. Qe2 $2 c4 {endlich} 21.
dxc4 Rd4 22. f3 Qxc4 23. c3 Qxe2+ 24. Kxe2 Ra4 25. R1b2 Nd7 26. Rd2 Nb6 27.
Rdb2 Rxa3 $5 28. Rxa3 Nc4 29. Rbb3 Nxa3 30. Rxa3 {Nach dem Tausch der Figuren
ist ein Turmendspiel mit remislichen Tendenzen entstanden.} Ra8 31. Ra6 f6 32.
Rxc6 Rb8 33. Rxc7 Rb2+ 34. Ke3 Rxa2 35. g3 a5 36. h4 Rc2 37. h5 a4 38. g4 a3
39. Kd3 a2 {Der Bauer wandert immer weiter} 40. Ra7 {und wird jetzt gestoppt}
Rf2 41. Kc4 Rb2 42. Kd5 h6 43. c4 Rd2+ 44. Kc5 Rb2 45. Kd5 Rd2+ {Remis?} 46.
Ke6 {Nein!} Kh7 47. c5 {jetzt wandert der weisse Bauer} Rc2 48. Kd5 Kg8 $6 {
Rd2+} 49. c6 Kh7 50. Kd6 Rd2+ 51. Kc5 Kg8 52. c7 Kh7 53. Kc6 Rc2+ 54. Kd6 Rd2+
55. Kc5 Rc2+ 56. Kb6 Rb2+ 57. Kc6 Rc2+ 58. Kd7 Rd2+ 59. Ke6 Rc2 60. g5 $6 {
soll die dreimalige Stellungswiederholung unterbinden} hxg5 61. Kd7 Rd2+ 62.
Kc6 Rc2+ 63. Kd6 Rd2+ 64. Kc5 Rc2+ 65. Kb6 Rb2+ 66. Kc6 Rc2+ 67. Kb7 Rb2+ 68.
Ka8 Rc2 69. Kb7 Rb2+ 70. Ka8 Rc2 71. Kb8 Rb2+ 72. Kc8 Rd2 73. Ra8 g6 74. hxg6+
Kxg6 75. Kb7 Rb2+ 76. Kc6 {das Spiel beginnt von neuem} a1=Q $4 {Hä, was isssen
das? Der Conny 3.6 dreht durch. Ein Remis durch Zugwiederholung war hier
sicher. Der Zug ist reproduzierbar (3x versucht).} 77. Rxa1 Rc2+ 78. Kd7 Rd2+
79. Ke8 Rc2 80. Ra7 Rc1 81. Kd7 Rd1+ 82. Ke7 Rc1 83. Kd6 Rd1+ 84. Ke6 Rc1 85.
Rb7 g4 86. fxg4 Kg5 87. Kd7 Kxg4 88. c8=Q Rxc8 89. Kxc8 f5 90. exf5 Kxf5 91.
Kd7 e4 92. Kd6 e3 93. Re7 Kf4 94. Kd5 Kf3 95. Kd4 e2 96. Kd3 e1=Q 97. Rxe1 1-0

[Event "1984 - Gruppe A"]
[Site "?"]
[Date "2008.??.??"]
[Round "8"]
[White "Constellation 3.6, Novag"]
[Black "Prestige + CB16, Fidelity"]
[Result "0-1"]
[WhiteElo "1742"]
[BlackElo "1700"]
[Annotator "Peter Haupert"]
[PlyCount "140"]
[EventDate "2008.??.??"]

1. Nf3 Nf6 2. g3 {Ende Bibi Conny 3.6} g6 3. Bg2 Bg7 4. d4 O-O {
Ende Bibi Prestige} 5. Nc3 d5 6. O-O Nc6 7. Ne5 Rb8 8. Bf4 Bf5 9. f3 Nh5 10.
Nxc6 bxc6 11. Bc1 Bc8 12. b3 $6 c5 13. e3 Ba6 14. Rf2 cxd4 15. exd4 c5 16. Be3
e6 (16... e5 $5 17. dxe5 d4 18. Bd2 dxc3 19. Bxc3 Qb6 $17) 17. Ne2 cxd4 18.
Bxd4 Qc7 19. Bxg7 Kxg7 20. Qd4+ Nf6 21. Nf4 $2 Rfc8 (21... e5 $5 22. Nxd5 Qd6
23. Qxa7 Ra8 24. Qb6 Qxd5 25. c4 Qd7 $17) 22. Re1 Qc3 23. Qxc3 Rxc3 {
verstärkt den Druck auf den rückständigen Bauern} 24. Rd2 Rbc8 25. Rc1 R3c7 {
zu passiv} 26. Kh1 {ebenfalls zu passiv, besser Bf1} h6 27. Bh3 $6 Rc3 28. Bg2
R3c5 $6 {Prestige wartet auf einen Fehler des Gegners} 29. b4 $6 R5c7 30. a4
Bb7 31. Nd3 Rc4 32. a5 a6 33. Re2 d4 $1 34. Rd2 R8c7 35. Nc5 $2 Rxb4 {
+1.08 Prestige} 36. Nxb7 Rcxb7 37. Rcd1 R7b5 38. Bf1 Rxa5 39. Rxd4 Rxd4 40.
Rxd4 Rc5 $2 {Nd5! mit Vorteil} 41. c4 {besser Bxa6!} a5 42. Rd8 Nh7 43. Kg2 h5
44. f4 Nf6 45. h3 Ne4 46. Kf3 Nc3 47. Ke3 $1 {
Conny 3.6 verteidigt sich sehr aktiv in diesem Endspiel} Kf6 48. Kd4 Na4 49.
Bg2 {besser Be2} g5 50. Ra8 $2 {Rh8!} h4 51. gxh4 gxf4 {
und plötzlich hat der Prestige verbundene Freibauern} 52. Ra6 Kg7 53. Ke4 $6
Rxc4+ 54. Kf3 Rc5 $6 (54... Nc5 $1 55. Rxa5 f5 $1 56. Ra7+ Kf6 $19) 55. Kxf4
e5+ 56. Kf5 Nc3 57. h5 $1 e4+ 58. Kg4 $4 {Kf4!} e3 59. h6+ Kh7 60. Ra7 e2 61.
Rxf7+ Kxh6 62. Re7 Rg5+ 63. Kf3 Rg7 64. Re8 a4 {+2.17 Prestige} 65. Re6+ Rg6
66. Re8 a3 67. Kf2 a2 68. Rh8+ Kg7 69. Ra8 Rxg2+ 70. Kxg2 e1=Q 0-1

[Event "1984 - Gruppe A"]
[Site "?"]
[Date "2008.??.??"]
[Round "4"]
[White "MGS Sargon 2.5"]
[Black "Ambassador 2 MHz, Conchess"]
[Result "1-0"]
[WhiteElo "1500"]
[BlackElo "1600"]
[Annotator "Peter Haupert"]
[PlyCount "75"]
[EventDate "2008.??.??"]

1. d4 d5 2. c4 e6 3. Nc3 {Ende Bibi Sargon 2.5} c5 4. dxc5 d4 5. Na4 Bxc5 6.
Nxc5 Qa5+ 7. Bd2 Qxc5 {Ende Bibi Ambassador} 8. Qb3 Nf6 9. Bb4 $1 {
verhindert die kleine Rochade von Schwarz} Qf5 $6 10. Nf3 e5 11. e3 Nc6 12.
exd4 Qe4+ $6 (12... e4 $1 13. Ng1 Nxd4 14. Qc3 Nc6 15. Rd1 Nxb4 16. Qxb4 $11)
13. Be2 Nxd4 $2 14. Nxd4 exd4 $2 15. Qg3 $2 (15. O-O $1 Qf4 16. Bf3 Qc7 17.
Qa4+ Bd7) 15... g6 $2 16. f3 {wieder 0-0!} Qe3 17. Qd6 Nd7 18. Rd1 {
Schwarz steht unter dem Druck der weißen Schwerfiguren} d3 $2 19. Qxd3 (19.
Rxd3 $1 Qe5 20. Qxe5+ Nxe5 21. Re3 Be6 22. Rxe5 $18) 19... Qxd3 20. Rxd3 Nb6
21. c5 Nc4 $2 22. Rd5 b5 23. b3 Be6 24. bxc4 Bxd5 25. cxd5 O-O-O {
doch noch eine Rochade} 26. d6 Rhe8 27. c6 Re5 28. d7+ Kc7 29. Ba5+ Kxc6 30.
Bxd8 Kxd7 31. Bf6 Re6 32. Bd4 a6 33. Kd2 f6 34. Kd3 Ke8 35. Bd1 Rd6 36. Bb3 Kf8
37. Re1 a5 38. Re4 1-0

[Event "1984 - Gruppe A"]
[Site "?"]
[Date "2008.??.??"]
[Round "9"]
[White "Ambassador 2 MHz, Conchess"]
[Black "Constellation 3.6, Novag"]
[Result "0-1"]
[WhiteElo "1600"]
[BlackElo "1742"]
[Annotator "Peter Haupert"]
[PlyCount "164"]
[EventDate "2008.??.??"]

1. e4 e5 2. Nf3 Nf6 {Ende Bibi Conny 3.6} 3. Nc3 {Ende Bibi Ambassador} Bb4 4.
Nxe5 d6 5. Nf3 Bxc3 6. dxc3 Nxe4 7. Bb5+ c6 8. Bd3 Bf5 9. Be3 O-O 10. O-O d5
11. Ng5 Re8 12. Bf4 $6 Nd7 13. Bxe4 $6 dxe4 14. Qh5 Bg6 15. Qg4 Nf6 16. Qe2 Nd5
17. Qg4 Nxf4 18. Qxf4 Qb6 {Constellation hat sich schneller entwickelt als
Ambassador und macht jetzt Druck} 19. Rab1 f6 20. Nh3 Bf7 21. b3 Qa5 22. a3
Qxc3 23. Qc7 Qxc2 24. Rfc1 Qa2 25. Qxb7 Qxa3 26. Rxc6 Qa2 27. Rbc1 Bd5 28. Qa6
Bxb3 29. Nf4 Qxa6 30. Rxa6 Re7 31. Rc3 Rd8 32. Ra1 Rd1+ 33. Rxd1 Bxd1 34. Rc8+
Kf7 35. Rh8 h6 36. Rd8 Ba4 37. Nd5 Rd7 38. Rxd7+ Bxd7 {Constellation hat
sicher alle Figuren abgetauscht und kann nun seinen Freibauern zum Sieg nutzen}
39. Ne3 a6 40. Nc4 Ke6 41. Na5 Bb5 42. h3 Kd5 43. Kh2 Kc5 44. Nb7+ Kc6 45. Nd8+
Kd7 46. Nb7 Bd3 47. Kg3 Kc6 48. Nd8+ Kd6 49. Nb7+ Kd5 50. Na5 Bb5 51. Kf4 Bf1
52. Kg3 Kc5 53. Nb3+ Kd5 {
Conny 3.6 erkennt nicht, dass er den Freibauern unterstützen muß} 54. Nd2 Bd3
55. Nb3 Kc4 56. Na5+ Kb5 57. Nb7 Kb4 58. Nd6 g6 {direkt Pa5!} 59. Kf4 Bf1 60.
Kg3 f5 61. Nf7 h5 62. h4 Bb5 63. Ne5 Be8 64. Kf4 a5 {doch noch Hoffnung?} 65.
f3 exf3 66. Kxf3 a4 67. Nd3+ Kb3 68. Nc5+ Kc4 69. Nxa4 Bc6+ 70. Kf4 Bxa4 {
das wars} 71. Kg5 Be8 72. g3 Kd5 73. Kf6 Kd6 74. Kg5 Ke5 75. Kh6 Ke4 76. Kg5
Kf3 77. Kf6 Kxg3 78. Ke7 f4 79. Kxe8 Kxh4 80. Kf7 g5 81. Ke6 f3 82. Ke5 f2 0-1

[Event "1984 - Gruppe A"]
[Site "?"]
[Date "2008.??.??"]
[Round "10"]
[White "Constellation 3.6, Novag"]
[Black "Constellation, Novag"]
[Result "0-1"]
[WhiteElo "1742"]
[BlackElo "1711"]
[Annotator "Peter Haupert"]
[PlyCount "92"]
[EventDate "2008.??.??"]

1. e4 e5 2. Nf3 Nc6 3. Bb5 a6 4. Ba4 Nf6 5. O-O Nxe4 6. d4 b5 7. Bb3 d5 8. dxe5
Be6 9. c3 Be7 10. Nbd2 {Ende Buch Constellation 3.6} O-O {
natürlich auch hier letzter Zug Buch bei Constellation 2} 11. Nd4 Nxd4 12. cxd4
Nxd2 13. Bxd2 c5 14. dxc5 Bxc5 {bislang eine absolut ausgeglichene Position}
15. Rc1 Rc8 16. Qh5 d4 17. Bxe6 fxe6 18. Rfd1 Rf5 {Pd3!} 19. Qg4 Rxe5 20. Be3
$2 h5 $2 (20... dxe3 21. Rxd8+ Rxd8 22. h3) 21. Qg6 $2 dxe3 22. Rxd8+ Rxd8 23.
b4 $4 exf2+ $2 (23... e2 $1 24. Qb1 Red5 25. g3 Rd1+) 24. Kf1 Be3 $2 {Bxb4!}
25. Rb1 h4 26. a3 Rd2 27. Ra1 Rd8 28. h3 $2 Kh8 $2 29. Qg4 $2 {In diesem Varian
tengestrüpp stochern beide Constellations wild herum. Eine weitere Beurteilung
spare ich mir.} Rd4 30. Qf3 Kh7 31. g3 hxg3 32. Qxg3 Ree4 33. Qc7 Rd5 34. Qc6
Red4 35. Ke2 Re4 36. Kf1 g5 37. Qb7+ Kg6 38. Qxa6 g4 39. hxg4 Kg5 40. Rb1 Kxg4
41. Kg2 Kf4 42. Rf1 Rg5+ {
nach Dutzend Versuchen findet der Constellation 2 den Gewinn} 43. Kh1 Kf3 44.
Rxf2+ Bxf2 45. Qd6 Rh5+ 46. Qh2 Re1# 0-1

[Event "1984 - Gruppe A"]
[Site "?"]
[Date "2008.??.??"]
[Round "11"]
[White "Elite A/S Budapest 8 Mhz, Fidelity"]
[Black "Constellation 3.6, Novag"]
[Result "1/2-1/2"]
[WhiteElo "1860"]
[BlackElo "1742"]
[Annotator "Peter Haupert"]
[PlyCount "111"]
[EventDate "2008.??.??"]

1. c4 Nf6 2. Nc3 e6 3. e4 d5 {Ende Bibi Conny 3.6} 4. e5 d4 5. exf6 dxc3 6.
bxc3 Qxf6 7. d4 {Ende Bibi Budapest} Nc6 8. Nf3 Be7 9. Bd3 e5 10. Bg5 Qd6 11.
d5 Nb8 12. O-O O-O 13. Bxe7 Qxe7 14. Re1 {+0.60 Budapest} Nd7 15. Qb1 g6 16.
Qb4 Re8 17. Qxe7 Rxe7 18. Rab1 f6 19. Rb5 $6 {
auf der B-Linie kommt der Turm nicht weiter} b6 20. Nd4 Bb7 21. Rbb1 Nc5 22.
Bc2 Rd8 23. Nb3 Nxb3 24. axb3 a6 25. Ra1 Kf7 26. f3 Red7 27. Kf2 Ke7 28. b4 Bc8
$6 29. h4 {Pf4!} Bb7 30. Kg3 Bc8 $2 {Constellation 3.6 fällt nichts mehr ein}
31. Ba4 b5 32. cxb5 axb5 33. Bxb5 Rxd5 34. c4 Rd4 35. Ra7 Kd6 36. c5+ Ke6 37.
Rb1 Bd7 38. c6 $1 Be8 39. Rxc7 h5 40. Rg7 {besser Ra7!} Rc8 41. Ba6 $2 {
gibt den starken Freibauern her} Rxc6 42. Bb5 Rc8 43. Bxe8 Rxe8 44. Rxg6 $4 {
Elite Budapest läßt sich den Turm einsperren} Kf7 45. Rh6 Kg7 46. Rxh5 Kg6 47.
Rxe5 fxe5 48. b5 Kh5 49. Kf2 Rd2+ 50. Kf1 Kxh4 51. Rb4+ Kg3 $4 52. Rg4+ Kh2 53.
Rh4+ Kg3 54. Rg4+ Kh2 55. Rh4+ Kg3 56. Rg4+ {Wie ich später festgestellt habe,
erkennt Constellation 3.6 die 3-malige Stellungswiederholung nicht.} 1/2-1/2

[Event "1984 - Gruppe A"]
[Site "?"]
[Date "2008.??.??"]
[Round "9"]
[White "Prestige + CB16, Fidelity"]
[Black "Ambassador 2 MHz, Conchess"]
[Result "1-0"]
[WhiteElo "1700"]
[BlackElo "1600"]
[Annotator "Peter Haupert"]
[PlyCount "31"]
[EventDate "2008.??.??"]

1. d4 d5 2. Nf3 e6 {Ende Bibi Ambassador} 3. Bf4 {Ende Bibi Prestige} Nc6 4.
Nc3 Bb4 5. Qd3 Bxc3+ 6. Qxc3 Nf6 7. Qa3 $6 Ne4 8. e3 Bd7 {direkt Pg5!} 9. Bd3
g5 10. Bg3 g4 $2 {Ph5!} 11. Bxe4 dxe4 12. Bh4 Qc8 $4 13. Ne5 Rg8 $4 14. Nxc6
Qd8 15. Bxd8 Rb8 16. Qe7# 1-0

[Event "1984 - Gruppe A"]
[Site "?"]
[Date "2008.??.??"]
[Round "10"]
[White "Constellation, Novag"]
[Black "Prestige + CB16, Fidelity"]
[Result "1-0"]
[WhiteElo "1711"]
[BlackElo "1700"]
[Annotator "Peter Haupert"]
[PlyCount "127"]
[EventDate "2008.??.??"]

1. e4 e5 2. Nf3 Nf6 3. Nxe5 d6 4. Nf3 Nxe4 5. d4 {Ende Bibi Constellation} d5
6. Bd3 Be7 7. O-O Nc6 {Ende Buch Prestige} 8. Nbd2 f5 $5 9. Re1 O-O 10. c4 Nb4
11. Bf1 {besser Bb1} Be6 12. cxd5 Bxd5 13. Nc4 b5 14. Ne3 Nxa2 $6 {Pa6!} 15.
Bxb5 Nxc1 $2 16. Qxc1 Bb4 $2 17. Re2 {Nxd5!} Rf7 $4 {
stellt sich genau in die Diagonale des weissfeldrigen Läufers} 18. Nxd5 Qxd5
19. Bc4 Qb7 20. Ne5 Nd6 21. Nxf7 Nxf7 22. Qg5 g6 23. Qf6 c6 24. Ra6 Rc8 25.
Bxf7+ Qxf7 26. Qxf7+ Kxf7 27. Rxa7+ Kg8 28. Rb7 Ra8 29. g4 $1 Bf8 30. gxf5 gxf5
31. Rd7 Ra4 $2 32. Re8 c5 33. Rdd8 Ra1+ 34. Kg2 cxd4 35. Rxf8+ Kg7 36. Rxf5 Rb1
37. Rb5 Rd1 38. b4 d3 39. Rb7+ Kf6 40. Rxh7 Ke6 41. Rhd7 Rb1 42. Rxd3 Rxb4 43.
f3 Kf6 44. R3d4 Rb2+ 45. Rd2 Rb7 46. R2d7 Rb4 47. h3 Rc4 48. Rd4 Rc2+ 49. Rd2
Rc4 50. R8d4 Rc5 51. Rd5 Rc8 52. Rd8 {Hinterm Horizont gehts weiter?} Rc4 53.
Kg3 Rc7 54. R2d7 Rc5 55. f4 Ke6 56. h4 Kf6 57. Kg4 {
jetzt hat er den Sieg sicher in der Berechnung} Rc1 58. Rd1 Rc2 59. R8d7 Rc6
60. h5 Re6 61. Rh7 Re3 62. Rd6+ Re6 63. Rh6+ Kg7 64. Rhxe6 {
Die erste Niederlage für den Prestige} 1-0

[Event "1984 - Gruppe A"]
[Site "?"]
[Date "2008.??.??"]
[Round "11"]
[White "Prestige + CB16, Fidelity"]
[Black "Elite A/S Budapest 8 Mhz, Fidelity"]
[Result "1-0"]
[WhiteElo "1700"]
[BlackElo "1860"]
[Annotator "Peter Haupert"]
[PlyCount "111"]
[EventDate "2008.??.??"]

1. b3 e5 2. Bb2 Nc6 {Ende Bibi Budapest} 3. c4 Nf6 4. e3 Be7 5. a3 O-O 6. Qc2 {
Ende Bibi Prestige} d5 7. cxd5 Qxd5 8. Nc3 Qd6 9. Nf3 a6 10. Be2 Be6 11. Ng5
Na5 12. Bd3 $2 Nxb3 $2 (12... Bxb3 $1 13. Bxh7+ Kh8 14. Qf5 Rad8 15. O-O Be6
16. Qc2 Bc4 $17) 13. Bxh7+ {Brett in Flammen} Kh8 14. Rd1 Rfd8 $2 (14... g6 $1
15. Bxg6 fxg6 16. Qxg6 Qd7 17. Nxe6 Qxe6 18. Qh6+ Kg8 19. Qg6+ Kh8 20. Qh6+ {
Dauerschach}) 15. O-O $1 Ng4 16. Nxe6 fxe6 17. Qxb3 Kxh7 18. Qxb7 {
es wird weiter geholzt} c6 19. Ne4 {+1.51 Prestige} Qd7 20. Qxd7 Rxd7 21. f3
Rb7 22. Bc3 Nh6 {besser Nf6} 23. Ra1 Nf7 24. f4 exf4 25. Rxf4 Ng5 26. Rg4 Kh6
$6 27. Bxg7+ Kh5 28. h3 Rab8 29. Nxg5 (29. Ng3+ Kg6 30. Be5 Rb1+ 31. Rxb1 Rxb1+
32. Kf2 $18) 29... Bxg5 30. Bc3 Be7 $2 {Pc5!} 31. Re4 Rb1+ 32. Rxb1 Rxb1+ {
-3.76 Elite Budapest} 33. Kf2 Bxa3 34. Rxe6 Rb5 35. Rxc6 {
jetzt werden die Bauern abgeräumt} Bf8 36. Rxa6 {Pg4+!} Rf5+ 37. Ke2 Kh4 38.
Rf6 $1 Rxf6 39. Bxf6+ Kg3 40. Kf1 Bh6 41. Be7 Bg7 42. d4 Bh6 43. Bd6+ Kh4 44.
e4 Kh5 45. d5 Be3 46. g3 Kg6 47. e5 Kf7 48. e6+ Ke8 49. h4 Bd4 50. Bb4 Bb6 51.
d6 Bc7 52. h5 Bb6 53. h6 Kd8 54. h7 Bd4 55. Ba5+ Kc8 56. d7+ {
Damit ist der Prestige Gruppensieger! Gratulation!} 1-0

[Event "1984 - Gruppe A"]
[Site "?"]
[Date "2008.??.??"]
[Round "10"]
[White "Ambassador 2 MHz, Conchess"]
[Black "Elite A/S Budapest 8 Mhz, Fidelity"]
[Result "0-1"]
[WhiteElo "1600"]
[BlackElo "1860"]
[Annotator "Peter Haupert"]
[PlyCount "68"]
[EventDate "2008.??.??"]

1. e4 c5 2. Nf3 e6 3. d4 cxd4 4. Nxd4 {Ende Bibi Ambassador} Nc6 {
Ende Bibi Budapest} 5. Nxc6 bxc6 6. Bd3 Bb4+ 7. c3 Bd6 $6 {blockiert Pd7} 8.
Bc4 {Tempoverlust} Qc7 9. Qg4 Be5 10. Be3 d5 11. Bd3 $2 {Pc4!} Nf6 $1 12. Qxg7
Rg8 13. Qh6 dxe4 14. Bf1 Rb8 15. b3 c5 {Rg6!} 16. f3 exf3 $2 {wieder Rg6!} 17.
gxf3 Qa5 18. Bc4 $2 Bb7 $2 (18... Rg6 19. Qh4 Bxc3+ 20. Bd2 Bxd2+ 21. Nxd2 Qc3
$19) 19. Bd2 Bxf3 $6 {gibt dem Ambassador Konterchancen} 20. Rf1 Be4 $2 (20...
Bd5 21. Bxd5 Nxd5 22. Qxh7 $13) 21. Rxf6 Bxf6 22. Qxf6 Rg1+ $2 23. Bf1 $4 {
Ambassador verspielt den Sieg mit diesem Einsteller} (23. Kf2 $1 Rg2+ (23...
Rxb1 24. Qh8+ Kd7 25. Qxb8 Rb2 26. Ke3 $18) 24. Ke3 Qd8 25. Qxd8+ Rxd8 26. Kxe4
Rdxd2 27. Nxd2 Rxd2 $18) 23... Bd3 24. Qh8+ Kd7 25. Qf6 Rxf1+ 26. Qxf1 Bxf1 27.
Kxf1 Rxb3 28. Ke1 Rb2 29. c4 Qb6 30. Nc3 Rxd2 31. Na4 Qa5 32. Nxc5+ Qxc5 33.
Kxd2 Qd4+ 34. Ke1 Qxa1+ {Fast hätte es eine Überraschung in dieser Partie
gegeben, aber der Elite Budapest gewinnt glücklich.} 0-1